000 00346nam a22001217a 4500
999 _c2635
_d2635
005 20200922111217.0
008 200922b ||||| |||| 00| 0 eng d
020 _a0289703832
040 _cCML
245 _aWorking in Collage.
_cPortchmouth, J.
260 _aLondon
_bStudio Vista
_c1973
942 _2ddc
_cBK
_e1st Edition
_h751
_mPOR